Dalai Lama (Record no. 10201)

MARC details
000 -LEADER
fixed length control field 00622nam a2200253 a 4500
020 ## - INTERNATIONAL STANDARD BOOK NUMBER
ISBN 8120822
082 00 - DEWEY DECIMAL CLASSIFICATION NUMBER
Classification number 294.361
Author Cutter PIB
100 ## - MAIN ENTRY--AUTHOR NAME
Author name Piburn, Sidney
245 ## - TITLE STATEMENT
Title Dalai Lama
Sub title a Policy of Kindness
260 ## - PUBLICATION, DISTRIBUTION, ETC. (IMPRINT)
Place of publication Delhi
Name of publisher Motilal Banarsidass
Year of publication 1997
300 ## - PHYSICAL DESCRIPTION
Number of Pages 136p
500 ## - GENERAL NOTE
General note includes index and biblioraphy
505 2# - FORMATTED CONTENTS NOTE
Formatted contents note Bibliography
650 ## - SUBJECT ADDED ENTRY--TOPICAL TERM
Topical Term Buddhism
650 ## - SUBJECT ADDED ENTRY--TOPICAL TERM
Topical Term Dalai Lama
942 ## - ADDED ENTRY ELEMENTS (KOHA)
Koha item type Books
700 1# -
-- Piburn, Sidney
Holdings
Collection code Home library Current library Date acquired Cost, normal purchase price Full call number Accession Number Koha item type
  Henry Martyn Institute Library Henry Martyn Institute Library 07/20/2007 95.00 294.361 PIB 018735 Books
                   Copyright © 2026 | Henry Martyn Institute | Hyderabad | TS-500052 | INDIA | Implemented by hmi.edu.in
Hit-Count:

Powered by Koha